000 01085cam a22003017a 4500
003 CHAP
005 20220329141737.0
008 971013s1912 r 00010 d
010 _a73206
011 _a74178
035 _a83737
040 _cCHAP
082 _a595.79
_bG37
100 0 0 _aGarcía Mercet, Ricardo.
_946300
245 1 4 _aLos enemigos de los parásitos de las plantas; los afelininos
260 _aMadrid :
_bInstituto Nacional de Ciencias Físico-Natuales,
_c1912
300 _a306 p.
_b: ilus.
490 0 _aInstituto Nacional de Ciencias Físico-Naturales. Trabajos del Museo de Ciencias Naturales
590 _aBATCH-UPD
_b10
_c20130110
_lUCH01
_h0246
590 _aBATCH-UPD
_b10
_c20130409
_lUCH01
_h2316
590 _aBATCH-UPD
_b10
_c20130913
_lUCH01
_h1951
590 _aCONVERSION
_b10
_c20130109
_lUCH01
_h1340
650 1 4 _aAfelininos.
_91024
830 0 _aInstituto Nacional de Ciencias Físico-Naturales. Trabajos del Museo de Ciencias Naturales
_959294
901 _aBK
942 _cLIBRO
949 _a595.79 G37
_bBC
_cBPP
_d-38488
_eLIBRO
_h32100
_i83737
_si
999 _c73206
_d73206